000 00306nam a2200133Ia 4500
008 150301s2015 xx 000 0 und d
082 _a615.19
_bP07P
100 _aAMRITA PARLE
245 _aPHARMACEUTICAL CHEMISTRY -||
260 _bCBS- DELHI
300 _a230
650 _aCHEMISTRY
942 _2ddc
_cBK
999 _c7191
_d7191